<?xml version="1.0" encoding="UTF-8"?>
<record
    xmlns:xsi="http://www.w3.org/2001/XMLSchema-instance"
    xsi:schemaLocation="http://www.loc.gov/MARC21/slim http://www.loc.gov/standards/marcxml/schema/MARC21slim.xsd"
    xmlns="http://www.loc.gov/MARC21/slim">

  <leader>02085nas a2200325 i 4500</leader>
  <controlfield tag="001">173063</controlfield>
  <controlfield tag="003">ES-MaACL</controlfield>
  <controlfield tag="005">20250923161117.0</controlfield>
  <controlfield tag="007">t|</controlfield>
  <controlfield tag="008">091022c1924    sp a|         |  1 ||pa d</controlfield>
  <datafield tag="080" ind1=" " ind2=" ">
    <subfield code="a">3 : 061.12(460)</subfield>
  </datafield>
  <datafield tag="110" ind1="2" ind2=" ">
    <subfield code="a">Real Academia de Ciencias Morales y Pol&#xED;ticas (Espa&#xF1;a)</subfield>
    <subfield code="9">222050</subfield>
  </datafield>
  <datafield tag="245" ind1="1" ind2="0">
    <subfield code="a">Discursos de recepci&#xF3;n le&#xED;dos en la Real Academia de Ciencias Morales y Pol&#xED;ticas </subfield>
    <subfield code="g">1920-1921.</subfield>
  </datafield>
  <datafield tag="260" ind1=" " ind2=" ">
    <subfield code="a">Madrid : </subfield>
    <subfield code="b">[s. n.], </subfield>
    <subfield code="c">1924 (Est. Tip. Viuda e Hijos de Jaime Rat&#xE9;s)</subfield>
  </datafield>
  <datafield tag="300" ind1=" " ind2=" ">
    <subfield code="a">1 v. ; </subfield>
    <subfield code="c">26 cm.</subfield>
  </datafield>
  <datafield tag="505" ind1="8" ind2=" ">
    <subfield code="a">Contiene: T. XIV: Contribuci&#xF3;n del lenguaje a la filosof&#xED;a de los valores / Juan Zarag&#xFC;eta Bengoechea (231 p.). Contestaci&#xF3;n / Eduardo Sanz y Escart&#xED;n (p. 232-242). Legislaci&#xF3;n internacional del trabajo / Jos&#xE9; Gasc&#xF3;n y Mar&#xED;n (p. 243-322). Contestaci&#xF3;n / Rafael Altamira y Crevea (p. 323-337). La crisis del r&#xE9;gimen parlamentario: concepto del legislador / Adolfo Pons y Umbert (p. 339-393). Contestaci&#xF3;n / Adolfo Bonilla y San Mart&#xED;n (p. 395-408). La abolici&#xF3;n del salariado / Severino Aznar Embid (p. 409-511). Contestaci&#xF3;n / &#xC1;lvaro L&#xF3;pez N&#xFA;&#xF1;ez (p. 512-542). Inviolabilidad parlamentaria / Gabino Bugallal y Araujo. Conde de Bugallal (p. 543-629). Contestaci&#xF3;n / Eduardo Sanz y Escart&#xED;n (p. 631-643). El terrorismo, la libertad y la polic&#xED;a / Antonio Royo Villanova (p. 645-707). Contestaci&#xF3;n / Niceto Alcal&#xE1; Zamora (p. 709-721).</subfield>
  </datafield>
  <datafield tag="700" ind1="1" ind2=" ">
    <subfield code="a">Bonilla y San Mart&#xED;n, Adolfo,</subfield>
    <subfield code="d">1875-1926</subfield>
    <subfield code="9">30193</subfield>
  </datafield>
  <datafield tag="700" ind1="1" ind2=" ">
    <subfield code="a">Sanz y Escart&#xED;n, Eduardo, </subfield>
    <subfield code="d">1855-1939</subfield>
    <subfield code="9">103695</subfield>
  </datafield>
  <datafield tag="700" ind1="1" ind2=" ">
    <subfield code="a">Alcal&#xE1; Zamora, Niceto,</subfield>
    <subfield code="d">1877-1949</subfield>
    <subfield code="9">19473</subfield>
  </datafield>
  <datafield tag="700" ind1="1" ind2=" ">
    <subfield code="a">L&#xF3;pez N&#xFA;&#xF1;ez, Alvaro.</subfield>
    <subfield code="9">73832</subfield>
  </datafield>
  <datafield tag="700" ind1="1" ind2=" ">
    <subfield code="a">Zarag&#xFC;eta, Juan.</subfield>
    <subfield code="9">118040</subfield>
  </datafield>
  <datafield tag="700" ind1="1" ind2=" ">
    <subfield code="a">Gasc&#xF3;n y Mar&#xED;n, Jos&#xE9;.</subfield>
    <subfield code="9">55866</subfield>
  </datafield>
  <datafield tag="700" ind1="1" ind2=" ">
    <subfield code="a">Altamira, Rafael,</subfield>
    <subfield code="d">1866-1951</subfield>
    <subfield code="9">20515</subfield>
  </datafield>
  <datafield tag="700" ind1="1" ind2=" ">
    <subfield code="a">Pons y Umbert, Adolfo.</subfield>
    <subfield code="9">93034</subfield>
  </datafield>
  <datafield tag="700" ind1="1" ind2=" ">
    <subfield code="a">Aznar, Severino, </subfield>
    <subfield code="d">1870-1959</subfield>
    <subfield code="9">24307</subfield>
  </datafield>
  <datafield tag="700" ind1="1" ind2=" ">
    <subfield code="a">Bugallal y Araujo, Gabino,</subfield>
    <subfield code="c">Conde de,</subfield>
    <subfield code="d">1861-1932</subfield>
    <subfield code="9">32440</subfield>
  </datafield>
  <datafield tag="700" ind1="1" ind2=" ">
    <subfield code="a">Royo Villanova, Antonio,</subfield>
    <subfield code="d">1869-1958</subfield>
    <subfield code="9">100235</subfield>
  </datafield>
  <datafield tag="852" ind1=" " ind2=" ">
    <subfield code="a">ES-MaACL</subfield>
    <subfield code="j">K-196</subfield>
  </datafield>
  <datafield tag="999" ind1=" " ind2=" ">
    <subfield code="c">173063</subfield>
    <subfield code="d">173063</subfield>
  </datafield>
  <datafield tag="952" ind1=" " ind2=" ">
    <subfield code="0">0</subfield>
    <subfield code="1">0</subfield>
    <subfield code="4">0</subfield>
    <subfield code="7">0</subfield>
    <subfield code="8">Hemeroteca</subfield>
    <subfield code="a">ATENEOM</subfield>
    <subfield code="b">ATENEOM</subfield>
    <subfield code="c">ADM</subfield>
    <subfield code="d">2009-10-22</subfield>
    <subfield code="l">0</subfield>
    <subfield code="o">K-196</subfield>
    <subfield code="p">1181594</subfield>
    <subfield code="r">2023-02-23 00:00:00</subfield>
    <subfield code="w">2023-02-23</subfield>
    <subfield code="y">PERIODICA</subfield>
  </datafield>
</record>
